| 000 | 01093cam a22003135a 4500 | ||
|---|---|---|---|
| 001 | 016563627 | ||
| 003 | OSt | ||
| 005 | 20150921151922.0 | ||
| 008 | 131113t2014 enka frb 001 0 eng d | ||
| 020 | _a9781292040172 (paperback) | ||
| 020 | _a1292040173 (paperback) | ||
| 040 |
_aUkOxU _beng _cUkOxU _dUk _dEG-ScBUE |
||
| 082 | 0 | 4 |
_a610.14 _222 _bFRU |
| 100 | 1 |
_aFrucht, Suzanne S. _937359 |
|
| 245 | 1 | 0 |
_aMedical terminology : _bget connected ! / _cSuzzane S. Frucht. |
| 250 | _a1st ed., Pearson new international ed. | ||
| 260 |
_aHarlow : _bPearson Education Limited, _cc.2014. |
||
| 300 |
_aiii, 458 p. : _bill. (col.) ; _c28 cm. |
||
| 490 | 1 | _aPearson custom library | |
| 500 | _aIndex : p. 449-458. | ||
| 500 | _aPublication date from publisher's website. | ||
| 500 | _aAdapted from the standard first edition, ©2012. | ||
| 504 | _aIncludes bibliographical references. | ||
| 650 | 7 |
_aMedicine _vTerminology. _923964 _2BUEsh |
|
| 651 | _2BUEsh | ||
| 653 |
_bPPhrm _cFebruary2015 _cAugust2015 _cSeptember2015 |
||
| 830 | 0 |
_aPearson custom library _934961 |
|
| 942 |
_2ddc _k610.14 FRU |
||
| 999 |
_c18952 _d18924 |
||